Statistics for 1000 Most Common Spanish Words

Click here to take the quiz!

General Stats

  • This quiz has been taken 111 times
  • The average score is 171 of 999

Answer Stats

Answer% Correct
es
92%
no
92%
a
90%
o
90%
si
90%
90%
y
90%
que
88%
qué
88%
él
87%
el
87%
la
87%
mi
84%
de
83%
un
82%
por
81%
en
78%
sin
77%
77%
tu
77%
al
73%
con
73%
ella
73%
par
73%
las
71%
los
71%
bueno
70%
día
70%
tres
70%
yo
70%
hombre
69%
ni
69%
ser
69%
ver
69%
casa
68%
uno
68%
donde
66%
como
65%
cómo
65%
madre
65%
padre
65%
agua
64%
estar
64%
fe
64%
más
64%
tener
62%
cinco
61%
ir
61%
mañana
61%
mar
61%
año
60%
bien
60%
este
60%
mes
60%
noche
60%
tal
60%
comer
58%
gran
58%
mano
58%
nueve
58%
porque
58%
sol
58%
blanco
57%
cuatro
57%
ocho
57%
siete
57%
una
57%
grande
56%
nosotros
56%
hablar
53%
mujer
53%
negro
53%
pan
53%
para
53%
verde
53%
hijo
52%
sal
52%
tiempo
52%
calle
51%
ciudad
51%
diez
51%
frío
51%
hora
51%
muy
51%
seis
51%
alto
49%
azul
49%
malo
49%
pero
49%
amigo
48%
cuando
48%
fin
48%
querer
48%
del
47%
ellos
47%
favor
47%
hacer
47%
hermano
47%
mil
47%
rojo
47%
leche
45%
pequeño
45%
siempre
45%
tarde
45%
bajo
44%
fácil
44%
hoy
44%
libro
44%
primero
44%
escuela
43%
niño
43%
son
43%
comida
42%
juego
42%
médico
42%
pie
42%
poder
42%
según
42%
usted
42%
difícil
40%
esto
40%
gracias
40%
hasta
40%
mesa
40%
nada
40%
nuevo
40%
persona
40%
río
40%
semana
40%
teléfono
40%
amor
39%
cien
39%
mucho
39%
quién
39%
quien
39%
televisión
39%
carne
38%
cuál
38%
dinero
38%
español
38%
música
38%
nunca
38%
poco
38%
señor
38%
café
36%
lunes
36%
segundo
36%
también
36%
universidad
36%
ahora
35%
dar
35%
eso
35%
llamar
35%
mamá
35%
nombre
35%
todo
35%
vía
35%
coche
34%
cocina
34%
decir
34%
domingo
34%
ojo
34%
profesor
34%
señora
34%
vista
34%
hospital
32%
jefe
32%
maestro
32%
mirar
32%
poner
32%
vez
32%
aquí
31%
doce
31%
gustar
31%
martes
31%
número
31%
país
31%
partido
31%
policía
31%
trabajar
31%
ayuda
30%
calor
30%
creer
30%
cuerpo
30%
escribir
30%
joven
30%
lugar
30%
medio
30%
pueblo
30%
rico
30%
sábado
30%
vida
30%
allá
29%
banco
29%
costa
29%
estudiante
29%
familia
29%
flor
29%
fuego
29%
menos
29%
palabra
29%
saber
29%
solo
29%
sólo
29%
tan
29%
vivir
29%
ahí
27%
corazón
27%
cosa
27%
fiesta
27%
hotel
27%
jugar
27%
luego
27%
luz
27%
mundo
27%
plan
27%
pregunta
27%
real
27%
sobre
27%
tierra
27%
veinte
27%
venta
27%
viejo
27%
abril
26%
agosto
26%
animal
26%
ayer
26%
cabeza
26%
campo
26%
cara
26%
después
26%
enero
26%
entre
26%
jueves
26%
julio
26%
mayo
26%
pasar
26%
pelo
26%
tomar
26%
ya
26%
así
25%
boca
25%
cama
25%
doctor
25%
escrito
25%
noviembre
25%
otro
25%
pasado
25%
piso
25%
pronto
25%
puerta
25%
venir
25%
allí
23%
color
23%
diciembre
23%
gente
23%
junio
23%
lengua
23%
mejor
23%
radio
23%
reina
23%
septiembre
23%
trabajo
23%
unos
23%
abajo
22%
arriba
22%
brazo
22%
buscar
22%
cada
22%
camino
22%
cuenta
22%
desde
22%
febrero
22%
ganar
22%
lado
22%
luna
22%
marzo
22%
minuto
22%
nuestro
22%
pagar
22%
viernes
22%
antes
21%
cielo
21%
claro
21%
clase
21%
conocer
21%
dios
21%
España
21%
hay
21%
ley
21%
llegar
21%
oro
21%
salir
21%
verdad
21%
viaje
21%
cerca
19%
contra
19%
cuánto
19%
cuarto
19%
estado
19%
gusto
19%
nadie
19%
octubre
19%
orden
19%
pensar
19%
perder
19%
pobre
19%
rosa
19%
sala
19%
seguir
19%
tío
19%
aire
18%
aquel
18%
cine
18%
fuerte
18%
fútbol
18%
haber
18%
hecho
18%
importante
18%
largo
18%
lejos
18%
momento
18%
ningún
18%
parte
18%
plaza
18%
posible
18%
problema
18%
salud
18%
treinta
18%
algo
17%
deber
17%
dentro
17%
encontrar
17%
esposa
17%
fuera
17%
guerra
17%
libre
17%
mayor
17%
medicina
17%
mercado
17%
metro
17%
papel
17%
peso
17%
planta
17%
preguntar
17%
rey
17%
sur
17%
tras
17%
acto
16%
alguien
16%
cambiar
16%
carta
16%
casi
16%
cierto
16%
dolor
16%
edificio
16%
empresa
16%
encima
16%
final
16%
futuro
16%
imagen
16%
junta
16%
menor
16%
museo
16%
puerto
16%
pues
16%
red
16%
seguro
16%
simple
16%
sitio
16%
tercero
16%
verano
16%
visitar
16%
abierto
14%
atrás
14%
aún
14%
aun
14%
entender
14%
entrar
14%
forma
14%
hacia
14%
humano
14%
iglesia
14%
igual
14%
inglés
14%
jamás
14%
llevar
14%
muerto
14%
nación
14%
norma
14%
normal
14%
pedir
14%
personal
14%
plata
14%
presente
14%
quedar
14%
tanto
14%
volver
14%
arte
13%
centro
13%
común
13%
crear
13%
cruz
13%
delante
13%
derecho
13%
durante
13%
especial
13%
esperar
13%
francés
13%
grupo
13%
información
13%
interior
13%
juez
13%
local
13%
manera
13%
mensaje
13%
modo
13%
noticia
13%
paso
13%
paz
13%
peligro
13%
período
13%
principal
13%
próximo
13%
público
13%
serie
13%
servicio
13%
social
13%
último
13%
unido
13%
unión
13%
aunque
12%
caer
12%
cambio
12%
completo
12%
debajo
12%
empezar
12%
estilo
12%
idea
12%
imposible
12%
interés
12%
lista
12%
marca
12%
México
12%
mínimo
12%
mismo
12%
necesitar
12%
nota
12%
origen
12%
peor
12%
periódico
12%
político
12%
popular
12%
presidente
12%
producir
12%
siglo
12%
similar
12%
solución
12%
suelo
12%
trabajador
12%
único
12%
viento
12%
caso
10%
colegio
10%
decidir
10%
diario
10%
fecha
10%
habitación
10%
isla
10%
madera
10%
materia
10%
máximo
10%
nacional
10%
natural
10%
ocurrir
10%
página
10%
pareja
10%
película
10%
posibilidad
10%
precio
10%
presentar
10%
producto
10%
profesional
10%
provincia
10%
puesto
10%
punto
10%
recordar
10%
respuesta
10%
revista
10%
salida
10%
seguridad
10%
sistema
10%
soler
10%
sueño
10%
tema
10%
tipo
10%
tratar
10%
uso
10%
acabar
9%
actual
9%
algunos
9%
América
9%
añadir
9%
antiguo
9%
área
9%
arma
9%
asunto
9%
bastante
9%
comisión
9%
compañía
9%
diferente
9%
doble
9%
economía
9%
edad
9%
estudio
9%
exterior
9%
fuente
9%
fuerza
9%
general
9%
historia
9%
industria
9%
instituto
9%
internacional
9%
juntos
9%
justo
9%
kilómetro
9%
marido
9%
modelo
9%
muerte
9%
norte
9%
objeto
9%
partir
9%
permitir
9%
política
9%
práctica
9%
prueba
9%
quizás
9%
realizar
9%
región
9%
texto
9%
voz
9%
artículo
8%
capítulo
8%
carrera
8%
central
8%
comité
8%
considerar
8%
contar
8%
cultura
8%
década
8%
demanda
8%
demás
8%
destino
8%
dirección
8%
duda
8%
ejemplo
8%
enfermedad
8%
equipo
8%
espacio
8%
Europa
8%
experiencia
8%
frente
8%
gesto
8%
grave
8%
identidad
8%
material
8%
memoria
8%
método
8%
militar
8%
motivo
8%
opinión
8%
parecer
8%
población
8%
presión
8%
principio
8%
producción
8%
protección
8%
realidad
8%
recibir
8%
resto
8%
sangre
8%
situación
8%
suerte
8%
tampoco
8%
terreno
8%
total
8%
visión
8%
actividad
6%
acuerdo
6%
ambiente
6%
ambos
6%
aspecto
6%
ayuntamiento
6%
barrio
6%
capaz
6%
compañero
6%
consejo
6%
control
6%
creación
6%
cuadro
6%
director
6%
económico
6%
educación
6%
ejercicio
6%
entonces
6%
entrada
6%
especie
6%
esperanza
6%
establecer
6%
familiar
6%
gobierno
6%
indicar
6%
justicia
6%
león
6%
línea
6%
mientras
6%
ministro
6%
movimiento
6%
mundial
6%
naturaleza
6%
necesario
6%
ninguno
6%
nivel
6%
objetivo
6%
oficial
6%
organización
6%
pena
6%
piel
6%
premio
6%
prensa
6%
programa
6%
propósito
6%
proyecto
6%
recuerdo
6%
referir
6%
respeto
6%
sentido
6%
sociedad
6%
suponer
6%
supuesto
6%
teoría
6%
término
6%
versión
6%
acaso
5%
acción
5%
acerca
5%
adelante
5%
además
5%
alumno
5%
anunciar
5%
atención
5%
autor
5%
base
5%
caber
5%
comercio
5%
concepto
5%
condición
5%
copa
5%
corte
5%
curso
5%
dejar
5%
demasiado
5%
desarrollo
5%
dicho
5%
diferencia
5%
distinto
5%
encuentro
5%
evitar
5%
existir
5%
explicar
5%
formación
5%
grado
5%
hoja
5%
informe
5%
intento
5%
jugador
5%
lenguaje
5%
libertad
5%
miedo
5%
miembro
5%
ni siquiera
5%
obtener
5%
ofrecer
5%
palacio
5%
pesar
5%
piedra
5%
pintura
5%
plano
5%
posición
5%
proceso
5%
recién
5%
sensación
5%
teatro
5%
todavía
5%
unidad
5%
valor
5%
varios
5%
vecino
5%
actualidad
4%
administración
4%
aparecer
4%
asimismo
4%
calidad
4%
cámara
4%
causa
4%
civil
4%
comenzar
4%
comunicación
4%
comunidad
4%
conflicto
4%
contacto
4%
cuidado
4%
decisión
4%
dificultad
4%
distancia
4%
diverso
4%
documento
4%
dólar
4%
ejército
4%
elemento
4%
empleo
4%
enorme
4%
entrevista
4%
escena
4%
escritor
4%
éxito
4%
fondo
4%
incluso
4%
izquierdo
4%
judicial
4%
labor
4%
lucha
4%
mantener
4%
mediante
4%
medida
4%
mitad
4%
muestra
4%
necesidad
4%
ocasión
4%
operación
4%
particular
4%
pensamiento
4%
permanente
4%
propio
4%
propuesta
4%
rato
4%
razón
4%
relación
4%
secretario
4%
secreto
4%
sector
4%
selección
4%
siguiente
4%
silencio
4%
solamente
4%
sujeto
4%
superior
4%
utilizar
4%
verdadero
4%
aceite
3%
actitud
3%
afirmar
3%
alcalde
3%
alcanzar
3%
altura
3%
análisis
3%
anterior
3%
autoridad
3%
campaña
3%
cantidad
3%
ciencia
3%
club
3%
conocido
3%
conocimiento
3%
consecuencia
3%
construcción
3%
crisis
3%
crítica
3%
cualquier
3%
cultural
3%
cumplir
3%
debido
3%
democracia
3%
departamento
3%
deseo
3%
dijo
3%
diputado
3%
elección
3%
energía
3%
error
3%
escenario
3%
exposición
3%
expresión
3%
faltar
3%
figura
3%
golpe
3%
importancia
3%
influencia
3%
informar
3%
institución
3%
intención
3%
inversión
3%
llamada
3%
lograr
3%
novela
3%
obra
3%
oportunidad
3%
parlamento
3%
participación
3%
perdido
3%
presentación
3%
pretender
3%
recurso
3%
referencia
3%
régimen
3%
representar
3%
república
3%
resultado
3%
riesgo
3%
ritmo
3%
señalar
3%
significar
3%
sino
3%
tamaño
3%
tarea
3%
tecnología
3%
temporada
3%
tono
3%
transporte
3%
velocidad
3%
violencia
3%
acceso
1%
actuación
1%
alimento
1%
alrededor
1%
aparición
1%
apenas
1%
aplicación
1%
audiencia
1%
cadena
1%
candidato
1%
capital
1%
carácter
1%
cargo
1%
ciudadano
1%
comercial
1%
conferencia
1%
congreso
1%
conjunto
1%
conseguir
1%
consistir
1%
crecimiento
1%
cuestión
1%
cuyo
1%
debate
1%
defensa
1%
discurso
1%
ejecutivo
1%
especialmente
1%
espíritu
1%
estrategia
1%
estructura
1%
europeo
1%
existencia
1%
factor
1%
federal
1%
fenómeno
1%
finalmente
1%
fiscal
1%
física
1%
frecuencia
1%
fundamental
1%
gestión
1%
guardia
1%
habitante
1%
histórico
1%
industrial
1%
ingresos
1%
inmediato
1%
jornada
1%
juicio
1%
líder
1%
llamado
1%
manifestar
1%
marchar
1%
mayoría
1%
millones
1%
ministerio
1%
mirada
1%
moral
1%
municipal
1%
oposición
1%
paciente
1%
pérdida
1%
periodista
1%
personaje
1%
plazo
1%
pleno
1%
poeta
1%
presencia
1%
presidencia
1%
propiedad
1%
realmente
1%
reforma
1%
representante
1%
responsabilidad
1%
rostro
1%
salvo
1%
sede
1%
sido
1%
simplemente
1%
suficiente
1%
superficie
1%
técnico
1%
tenido
1%
título
1%
tradición
1%
vuelta
1%
zona
1%
actualmente
0%
agente
0%
ámbito
0%
apoyo
0%
asamblea
0%
asegurar
0%
asociación
0%
a través de
0%
aumento
0%
ausencia
0%
capacidad
0%
característica
0%
circunstancia
0%
competencia
0%
comportamiento
0%
compromiso
0%
conciencia
0%
conducta
0%
confianza
0%
constitución
0%
constituir
0%
consumo
0%
contenido
0%
contrario
0%
convertido
0%
corresponder
0%
corriente
0%
datos
0%
declaración
0%
declarar
0%
definitivo
0%
detrás de
0%
diálogo
0%
directamente
0%
dirigente
0%
disposición
0%
dispuesto
0%
distribución
0%
edición
0%
efecto
0%
electoral
0%
época
0%
esfuerzo
0%
etapa
0%
evidente
0%
evolución
0%
fase
0%
función
0%
funcionamiento
0%
funcionario
0%
incremento
0%
iniciativa
0%
instante
0%
intervención
0%
investigación
0%
liga
0%
literatura
0%
llegada
0%
medios
0%
no obstante
0%
organismo
0%
posteriormente
0%
prácticamente
0%
precisamente
0%
presupuesto
0%
realizado
0%
representación
0%
responsable
0%
resultar
0%
reunión
0%
revolución
0%
sin embargo
0%
tendencia
0%
territorio
0%
totalmente
0%
tratado
0%
tratamiento
0%
tribunal
0%
triunfo
0%
voluntad
0%

Score Distribution

Percentile by Number Answered

Percent of People with Each Score

Your Score History

You have not taken this quiz